PARK'S TB. OF PREVENTIVE AND SOCIAL MEDICINE (Record no. 19626)

MARC details
000 -LEADER
fixed length control field 00367nam a22001577a 4500
003 - CONTROL NUMBER IDENTIFIER
control field SGT
020 ## - INTERNATIONAL STANDARD BOOK NUMBER
International Standard Book Number 978-93-82219-15-6
082 ## - DEWEY DECIMAL CLASSIFICATION NUMBER
Classification number 614.44
Item number P19P
100 ## - MAIN ENTRY--PERSONAL NAME
Personal name PARK, K.
245 ## - TITLE STATEMENT
Title PARK'S TB. OF PREVENTIVE AND SOCIAL MEDICINE
250 ## - EDITION STATEMENT
Edition statement 25TH
260 ## - PUBLICATION, DISTRIBUTION, ETC. (IMPRINT)
Place of publication, distribution, etc INDIA
Name of publisher, distributor, etc BHANOT PUB
Year of Publication 2019
300 ## - PAGE DESCRIPTION
No. of Pages 1000
650 ## - SUBJECT ADDED ENTRY--TOPICAL TERM
Topical term or geographic name as entry element COMMUNITY MEDICINE
942 ## - ADDED ENTRY ELEMENTS (KOHA)
Source of classification or shelving scheme Dewey Decimal Classification
Koha item type Books
942 ## - ADDED ENTRY ELEMENTS (KOHA)
-- 42
Holdings
Withdrawn status Lost status Source of classification or shelving scheme Damaged status Not for loan Collection code Home library Current library Shelving location Date acquired Vendor Name Cost, normal purchase price SGTU Bill Number Total Checkouts Full call number Accession No. (Barcode) Date last seen Date last borrowed Bill Date Koha item type
    Dewey Decimal Classification     MEDICAL SGT Medical Library SGT Medical Library Text Book 30/12/2019 ABC DELHI 1400.00 SGTU 11576 11 614.44 P19P FM11866 26/09/2025 11/09/2025 14/11/2019 Books
    Dewey Decimal Classification     MEDICAL SGT Medical Library SGT Medical Library Text Book 30/12/2019 ABC DELHI 1400.00 SGTU 11576 12 614.44 P19P FM11867 24/01/2026 18/12/2025 14/11/2019 Books
    Dewey Decimal Classification     MEDICAL SGT Medical Library SGT Medical Library Text Book 30/12/2019 ABC DELHI 1400.00 SGTU 11576 8 614.44 P19P FM11868 08/01/2024 04/01/2024 14/11/2019 Books
    Dewey Decimal Classification     MEDICAL SGT Medical Library SGT Medical Library Text Book 30/12/2019 ABC DELHI 1400.00 SGTU 11576 16 614.44 P19P FM11869 26/04/2025 25/04/2025 14/11/2019 Books
    Dewey Decimal Classification     MEDICAL SGT Medical Library SGT Medical Library Text Book 30/12/2019 ABC DELHI 1400.00 SGTU 11576 11 614.44 P19P FM11870 06/01/2024 15/12/2023 14/11/2019 Books